|
|
|
|
| LEADER |
01174pam a22003138a 4500 |
| 001 |
00016179 |
| 005 |
20171026081023.0 |
| 008 |
110406s2004 ||||||Viesd |
| 020 |
|
|
|c 22000
|
| 041 |
0 |
# |
|a Vie
|
| 082 |
1 |
4 |
|a 330.15
|b L302S
|
| 100 |
0 |
# |
|a Nguyễn Chí Hải
|
| 245 |
0 |
0 |
|a Lịch sử Kinh tế quốc dân
|c Nguyễn Chí Hải, Nguyễn Văn Luân, Nguyễn Văn Bảng, Nguyễn Thùy Dương
|
| 250 |
# |
# |
|a Tái bản lần thứ 1
|
| 260 |
# |
# |
|a Tp.HCM
|b Đại học Quốc gia Tp HCM
|c 2004
|
| 300 |
# |
# |
|a 315 tr.
|c 21 cm.
|
| 500 |
# |
# |
|a Đầu trang tên sách ghi : Đại học Quốc gia Tp HCM. Khoa Kinh tế
|
| 650 |
# |
4 |
|a Giáo trình
|
| 650 |
# |
4 |
|a Lịch sử
|
| 650 |
# |
4 |
|a Kinh tế quốc dân
|
| 653 |
# |
# |
|a Kinh tế
|
| 700 |
0 |
# |
|a Nguyễn Thùy Dương
|
| 700 |
0 |
# |
|a Nguyễn Văn Bảng
|
| 700 |
0 |
# |
|a Nguyễn Văn Luân
|
| 852 |
# |
# |
|b Kho mượn
|j KM.0004836, KM.0011764
|
| 852 |
# |
# |
|j KD.0001496
|j KM.0011764
|j KM.0004836
|
| 852 |
# |
# |
|b Kho đọc
|j KD.0001496
|
| 910 |
|
|
|d 06/04/2011
|
| 980 |
# |
# |
|a Trung tâm Học liệu Lê Vũ Hùng, Trường Đại học Đồng Tháp
|